01924nam a2200421Ia 4500001001200000003000800012006001900020007001500039008004100054010001700095020004000112020003500152020004300187020003800230020001800268040002100286035002100307050002200328245018500350260005100535300001800586490005000604504006400654533015200718600005700870600007400927650003201001651004301033651006501076651004901141651003601190655002901226700002801255700002501283710001701308830005101325856012601376ebr10367049CaPaEBRm u cr cn|||||||||070820s2008 gau sb s001 0 eng d z 2007034024 z0820329770 (hardcover : alk. paper) z0820330744 (pbk. : alk. paper) z9780820329772 (hardcover : alk. paper) z9780820330747 (pbk. : alk. paper) z9780820336350 aCaPaEBRcCaPaEBR a(OCoLC)60968072314aE902b.F77 2008eb00aFrom superpower to besieged global powerh[electronic resource] :brestoring world order after the failure of the Bush doctrine /cedited by Edward A. Kolodziej and Roger E. Kanet. aAthens :bUniversity of Georgia Press,cc2008. axxiii, 411 p.1 aStudies in security and international affairs aIncludes bibliographical references (p. 363-398) and index. aElectronic reproduction.bPalo Alto, Calif. :cebrary,d2011.nAvailable via World Wide Web.nAccess may be limited to ebrary affiliated libraries.10aBush, George W.q(George Walker),d1946-xInfluence.10aBush, George W.q(George Walker),d1946-xPolitical and social views. 0aGreat powersvCase studies. 0aUnited StatesxForeign public opinion. 0aUnited StatesxForeign relationsxMoral and ethical aspects. 0aUnited StatesxForeign relationsy2001-2009. 0aUnited StatesxMilitary policy. 7aElectronic books.2local1 aKanet, Roger E.,d1936-1 aKolodziej, Edward A.2 aebrary, Inc. 0aStudies in security and international affairs.40uhttp://site.ebrary.com/lib/rucke/Doc?id=10367049zAn electronic book accessible through the World Wide Web; click to view